Приборы и методы измерения электрических величин: учебное пособие

Detalles Bibliográficos
Autor Principal: Атамалян Э. Г. Эмма Гарегиновна
Summary:Содержание пособия соответствует программе дисциплины «Основы метрологии и электрические измерения». Подробно освещены базовые положения теории измерений и погрешностей, рассмотрены методы и средства измерения электрических величин, обработка результатов измерений, применение микропроцессоров в измерительной технике, струк тура построения информационно-измерительных систем. В третьем издании (2-е — 1989 г.) многие главы дополнены сведениями о метрологической службе России, о новых разработках в области электроники, радиотехники и автоматики. Введены новые главы, посвя щенные анализу спектров частот, а также виртуальным измерительным приборам, реализуемым на базе компьютеров, с широкими возможнос тями перепрограммирования и оптимизации, автоматизации измерений и проведения физических экспериментов. Для студентов инженерно-технических специальностей втузов, а также для разработчиков измерительной аппаратуры.
Idioma:ruso
Publicado: Москва, Дрофа, 2005
Edición:Изд. 3-е, перераб. и доп.
Series:Высшее образование
Subjects:
Formato: Libro
KOHA link:https://koha.lib.tpu.ru/cgi-bin/koha/opac-detail.pl?biblionumber=96059

MARC

LEADER 00000nam0a2200000 4500
001 96059
005 20231101214038.0
010 |a 5710779334  |b (в пер.)  |b 3000 экз. 
021 |a RU  |b 05-69541  |9 05-3423 
035 |a (RuTPU)RU\TPU\book\102831 
090 |a 96059 
100 |a 20060506d2005 m y0rusy5002 ca 
101 0 |a rus 
102 |a RU 
105 |a a j 001zy 
200 1 |a Приборы и методы измерения электрических величин  |e учебное пособие  |f Э. Г. Атамалян 
205 |a Изд. 3-е, перераб. и доп. 
210 |a Москва  |c Дрофа  |d 2005 
215 |a 415 с.  |c ил.  |d 22 см. 
225 1 |a Высшее образование 
320 |a Библиогр.: с. 409-410. 
330 |a Содержание пособия соответствует программе дисциплины «Основы метрологии и электрические измерения». Подробно освещены базовые положения теории измерений и погрешностей, рассмотрены методы и средства измерения электрических величин, обработка результатов измерений, применение микропроцессоров в измерительной технике, струк тура построения информационно-измерительных систем. В третьем издании (2-е — 1989 г.) многие главы дополнены сведениями о метрологической службе России, о новых разработках в области электроники, радиотехники и автоматики. Введены новые главы, посвя щенные анализу спектров частот, а также виртуальным измерительным приборам, реализуемым на базе компьютеров, с широкими возможнос тями перепрограммирования и оптимизации, автоматизации измерений и проведения физических экспериментов. Для студентов инженерно-технических специальностей втузов, а также для разработчиков измерительной аппаратуры. 
451 1 |0 (RuTPU)RU\TPU\book\33825  |y 5060001067  |t Приборы и методы измерения электрических величин  |o учебное пособие  |f Э. Г. Атамалян  |e 2-е изд., перераб. и доп.  |c Москва  |n Высшая школа  |d 1989  |p 384 с.  |a Атамалян, Эмма Гарегиновна 
606 |a Электроизмерительные приборы  |2 stltpush  |3 (RuTPU)RU\TPU\subj\19992  |9 45139 
610 1 |a электрические измерения 
610 1 |a электрические величины 
610 1 |a измерение 
610 1 |a метрология 
610 1 |a средства измерений 
610 1 |a случайные погрешности 
610 1 |a систематические погрешности 
610 1 |a результаты измерений 
610 1 |a обработка 
610 1 |a аналоговые измерительные приборы 
610 1 |a аналоговые электронные вольтметры 
610 1 |a цифровые вольтметры 
610 1 |a измерительные генераторы сигналов 
610 1 |a электронные осциллографы 
610 1 |a напряжение 
610 1 |a ток 
610 1 |a мощность 
610 1 |a частота 
610 1 |a частотомеры 
610 1 |a временные интервалы 
610 1 |a сдвиг по фазе 
610 1 |a цепи 
610 1 |a полупроводниковые приборы 
610 1 |a интегральные схемы 
610 1 |a параметры 
610 1 |a анализаторы спектра 
610 1 |a случайные сигналы 
610 1 |a автоматизация 
610 1 |a виртуальные приборы 
610 1 |a учебные пособия 
675 |a 621.317.7(075.8)  |v 3  |z rus 
700 1 |a Атамалян  |b Э. Г.  |g Эмма Гарегиновна  |4 070 
801 0 |a RU  |b RKP  |c 20060127  |g PSBO 
801 1 |a RU  |b 63413507  |c 20060506  |g PSBO 
801 2 |a RU  |b 63413507  |c 20180214  |g PSBO 
900 |a Информатика 
900 |a Вычислительная техника 
900 |a Вычислительные машины и системы 
900 |a Методы и средства измерения неэлектрических величин 
900 |a Методы и средства измерения электрических величин 
900 |a Средства автоматизации гибких автоматизированных систем 
900 |a Аналоговые измерительные устройства 
900 |a Цифровые измерительные устройства 
942 |c BK 
951 |b 230100  |b 230101  |b 230102 
959 |a 33/20070423  |d 2  |e 0  |f АНЛ:2